MDQL
is popping MORE tags! Check the
thread
!
Quizzes
Events
Quiz Creation
Community
Videos
Private Events
Remove Ads
Sign In
Join for FREE
Feedback
Dark Mode
Quiz Categories
Sports
Geography
Music
Movies
Television
Just For Fun
Miscellaneous
History
Literature
Language
Science
Gaming
Entertainment
Religion
Holiday
For Kids
Quiz Lab
Recent
Popular Today
Quiz Kudos Today
Editor Picks
Curator Picks
Quizzes by...
Day
Popularity
Type
Ratings
Length
Year
Community
Subscriptions
Recent Discussions
Orange Saloon
Badges
Playlists
Quests
Create
Leaderboards
Showdown
Live 5
Trivia Bingo
Activity
Puzzle Library
Sporcle Events
Private Events
Virtual Trivia
Globe League
Become a Host
Pub Owners
SporcleCon
Opinionation
Our Games
Videos
Blog
Mobile Apps
Partnerships
Remove Ads and Go Orange
Feedback
Music
Pop Music
The Beatles
Song
Album
Lyrics
Bands
Singers
Artist
Clip
Rock
Rap
Classical
Billboard
Country Music
Kpop
Taylor Swift
Music
Pop Music
The Beatles
Song
Album
Lyrics
Bands
Singers
Artist
Clip
Rock
Rap
Classical
Billboard
Country Music
Kpop
Taylor Swift
Random Quiz
Search Sporcle
×
Quiz Lab
Quiz Lab
Music
Kpop
Type in answers that appear in a list
Type in answers that appear in a list
Classic
Best Score? Go Orange.
200 kpop songs on shuffle Stats
Can you name the artists of these 200 kpop songs on shuffle?
By
wonpills
20m
200 Questions
485 Plays
485 Plays
485 Plays
Comments
Comments
Give Quiz Kudos
Give Quiz Kudos
-
- Ratings
hide this ad
Replay
Link that replays current quiz
Next Quiz
Link to next quiz in quiz playlist
You Got
0%
They Got
Avg Score
71%
Avg Friend Score
Upgrade to see
Score Distribution
Jump to the score distribution portion of the page
Score
0/200
Timer
20:00
0
Plays Today
Song
Artist
% Correct
DALLA DALLA
ITZY
99.4%
ICY
ITZY
99.4%
BOOM
NCT Dream
97.5%
Bad Boy
Red Velvet
97.5%
RBB
Red Velvet
97.5%
Psycho
Red Velvet
97.5%
TOUCH
NCT 127
97.3%
Superhuman
NCT 127
97.3%
Precious (Overture)
ATEEZ
97.1%
Naughty Boy
PENTAGON
97.1%
ANSWER
ATEEZ
97.1%
Humph!
PENTAGON
97.1%
Pirate King
ATEEZ
97.1%
Shine
PENTAGON
97.1%
Stay
ATEEZ
97.1%
Star 1117
ATEEZ
97.1%
WONDERLAND
ATEEZ
97.1%
Dr. Bebe
PENTAGON
97.1%
Mist
ATEEZ
97.1%
LATATA
(G)I-DLE
96.9%
Oh my god
(G)I-DLE
96.9%
Uh-
Oh
(G)I-DLE
96.9%
Bon Bon Chocolat
EVERGLOW
95.8%
Astronaut
Stray Kids
95.8%
Side Effects
Stray Kids
95.8%
19
Stray Kids
95.8%
I AM YOU
Stray Kids
95.8%
Victory Song
Stray Kids
95.8%
Play It Cool (English ver.)
MONSTA X
95.4%
SOMEONE'S SOMEONE
MONSTA X
95.4%
SHOOT OUT
MONSTA X
95.4%
FOLLOW
MONSTA X
95.4%
Timeless
NCT U
95.2%
Good Evening
SHINee
94.8%
I Want You
SHINee
94.8%
%%
Apink
94.2%
Intro: Time
ONEUS
93.8%
Intro: Fly Me To The Moon
ONEUS
93.8%
LAST SONG
ONEUS, ONEWE
93.8%
ZigZag
ONEUS
93.8%
VALKYRIE
ONEUS
93.8%
Twilight
ONEUS
93.8%
Blue Sky
ONEUS
93.8%
BingBing
ONEUS
93.8%
Twilight
ONEUS
93.8%
Level Up
ONEUS
93.8%
EMERGENCY
DAY6
93.1%
Whatever!
DAY6
93.1%
How Can I Say
DAY6
93.1%
All Alone
DAY6
93.1%
Sweet Chaos
DAY6
93.1%
What Can I Do
DAY6
93.1%
OUCH
DAY6
93.1%
YES or YES
Twice
93.1%
365247
DAY6
93.1%
Like a flowing wind
DAY6
93.1%
Not Fine
DAY6
93.1%
Letting Go
DAY6
93.1%
DANCE DANCE
DAY6
93.1%
Like That Sun
DAY6
93.1%
How Can I Say
DAY6
93.1%
What Can I Do
DAY6
93.1%
L.O.U
THE BOYZ
92.9%
Complete Me
THE BOYZ
92.9%
BOY
THE BOYZ
92.9%
Clover
THE BOYZ
92.9%
No Air
THE BOYZ
92.9%
Song
Artist
% Correct
KeePer
THE BOYZ
92.9%
Bloom Bloom
THE BOYZ
92.9%
Going High
THE BOYZ
92.9%
Bomb Bomb
KARD
92.7%
BLUE FLAME
ASTRO
91.7%
BBIBBI
IU
89.8%
ROAR
SF9
89.4%
Good Guy
SF9
89.4%
Still My Lady
SF9
89.4%
Any Song
Zico
88.8%
WANNABE
Golden Child
87.9%
Blue Orangeade
TXT
87.9%
DamDaDi
Golden Child
87.9%
Spring Again
Golden Child
87.9%
DamDaDi
Golden Child
87.9%
Callin
A.C.E
87.5%
So Sick
A.C.E
87.5%
Black and Blue
A.C.E
87.5%
Holiday
A.C.E
87.5%
Take Me Higher
A.C.E
87.5%
SAVAGE
A.C.E
87.5%
BET BET
NU'EST
87.5%
ON OFF
ONF
86.3%
Complete
ONF
86.3%
Un Poco Mas (Give Me More)
VAV
85.2%
Flower (You)
VAV
85.2%
THRILLA KILLA
VAV
85.2%
SENORITA
VAV
85.2%
Spring
MCND
85%
Stereotypes
MCND
85%
TOP GANG
MCND
85%
ICE AGE
MCND
85%
Leave It
N.Flying
84.6%
Hot Potato
N.Flying
84.6%
Spring Memories
N.Flying
84.6%
Hi High
LOONA
84.6%
Noir
Sunmi
83.5%
TRAUMA
SEVENTEEN
82.7%
CHANGE UP
SEVENTEEN
82.7%
As You WIsh
WJSN
82.7%
Dreams Come True
WJSN
82.7%
Save Me Save You
WJSN
82.7%
Dreams Come True
WJSN
82.7%
Chase Me
DREAMCATCHER
82.7%
Breathe
AB6IX
81.3%
Really Really
Cherry Bullet
80.8%
Q&A
Cherry Bullet
80.8%
She's in the rain
The Rose
79.8%
FUN!
fromis_9
78.3%
COME SEE ME
AOA
75%
PHOTO
VERIVERY
73.3%
Tag Tag Tag
VERIVERY
73.3%
From Now
VERIVERY
73.3%
Ring Ring Ring
VERIVERY
73.3%
11:11
TAEYEON
70.6%
BREAK ALL THE RULES
CRAVITY
69%
Skyway
UP10TION
67.3%
Your Gravity
UP10TION
67.3%
Stuck On You
UP10TION
67.3%
SO, DANGEROUS
UP10TION
67.3%
Sky Surfer
UP10TION
67.3%
Lover
UP10TION
67.3%
Skyway
UP10TION
67.3%
Q
ONEWE ft. Hwasa
66.3%
All I Know
VICTON
65.4%
Nightmare
VICTON
65.4%
White Night
VICTON
65.4%
Song
Artist
% Correct
Your smile and you
VICTON
65.4%
Here I Am
VICTON
65.4%
EYEZ EYEZ
VICTON
65.4%
Unbelievable
VICTON
65.4%
What Time Is It Now?
VICTON
65.4%
The Chemistry
VICTON
65.4%
LIGHT
VICTON
65.4%
STAY WITH ME
VICTON
65.4%
IN THE AIR
VICTON
65.4%
0&4
ONEWE
64.8%
Sunset
KNK
60.2%
Hocus Pocus
BVNDIT
59.2%
FACE
KIM WOOSUNG
59.2%
IM A STAR
WOOSEOK X GUANLIN
55.8%
Red Moon
KIM WOOSEOK
55.4%
savanna
OnlyOneOf
53.8%
angel
OnlyOneOf
53.8%
fragile
OnlyOneOf
53.8%
heartbreak terminal
OnlyOneOf
53.8%
bOss
OnlyOneOf
53.8%
desert
OnlyOneOf
53.8%
time leap
OnlyOneOf
53.8%
designer
OnlyOneOf
53.8%
heartbreak theatre
OnlyOneOf
53.8%
I'm Here For You
X1
50.4%
U GOT IT
X1
50.4%
What Are You Up To
Kang Daniel
47.9%
To My Youth
Bolbbalgan4
47.3%
Bom
BOL4
45.8%
123
B.I.G
45.8%
Everyday
MAMAMOO
40.2%
The Story
1THE9
39.8%
Domino
1THE9
39.8%
Spectrum
TRCNG
39.4%
DMT (Do Ma Thang)
3YE
38.5%
NANANA
IMFACT
37.5%
GOOD NIGHT KISS
KIM DONGHAN
36.5%
Between Us
CNBLUE
35.8%
Lucifer
NOIR
35%
Nar_
C
HOLLAND
35%
Feedback
BoA
34.6%
Wind
FTISLAND
34.4%
FEEDBACK
LADIES' CODE
32.1%
Idle song
Jeon Soyeon
30.8%
Heart Sign
Ong Seongwoo
28.1%
NABI
BIBI
26.9%
After Party
SPECTRUM
26.5%
JUST U
Jeong Sewoon
22.9%
Just U
Jeong Sewoon
22.9%
Amazing
IN2IT
21.5%
Master Key
ARGON
20%
Hopefully Sky
Jeong Eunji
18.1%
Aewol-
ri
KYUHYUN
15%
Loveholic
LIM JIMIN
13.1%
U r my only one
VARSITY
11.7%
Blossom
Eunha, RAVI
11.7%
VILLAIN
LEE JINHYUK
11.7%
Good Night
EDEN
10.6%
3 Things
EDEN
10.6%
Suffering for Love
EDEN
10.6%
Freesm
HASHTAG
10%
BEAUTIFUL
TARGET
8.3%
Mistake
Drug Restaurant
7.5%
Invisibles
Bandage
4.8%
Let you go
Huh Gak
1.3%
Happy Day
TheEastLight
1%
Quiz Playlist
Details
Report
Send in Message
Add To Playlist
Classic:
Type in answers that appear in a list
Last Updated: Jun 1, 2020
Quiz Scoreboard
CHALLENGE
Sign Up to Join the Scoreboard
Show All
Scores
Hide
Comments
May contain spoilers
Recently Published
Colored Red Africa Blitz
by spor1
Geography
30s
Find the 'City' Movie
by crazypaving
Movies
60s
5x2 Blitz: Bands
by SL_Kpop136
Music
30s
More to Explore
Quiz From the Vault
Featured Blog Post
14 Easter Pick-up Lines to Find Eggs With
hide this ad
You Might Also Like...
Tags
Kpop Quiz
Kpop Group
Kpop Idol
Kpop Quiz
Kpop Songs
Today's Top Quizzes in Music
Browse Music
hide this ad
Today's Top Quizzes in Kpop
Browse Kpop
Top Contributed Quizzes in Music
1
5X2 Blitz: Bands II
2
5X2 Blitz: The Beatles
3
Taylor Swift All Songs (2024)
4
5X2 Blitz: Billboard
5
Taylor Swift Logic Puzzle II
6
5X2 Blitz: Billboard II
7
Taylor Swift Logic Puzzle
8
5X2 Blitz: Rock
9
5X2 Blitz: Singers
10
5X2 Blitz: Album
Explore More
Trending Topics
Marvel
NBA
Anime
Kpop
Disney
Harry Potter
Crossword
Soccer
WWE
Song
The Office
Pokémon
NFL
Country
Puzzle
hide this ad
More By:
wonpills
Quiz
Plays
Rating
Category
Featured
Created
Guess the Stray Kids member in a word or phrase
15,090
3.75
Entertainment
Apr 15, 2018
Kpop Logic Quiz (Hard ver.)
3,594
4.17
Music
Mar 10, 2018
Kpop Logic Quiz (2017 & Early 2018 Idols)
1,052
3.50
Entertainment
Nov 11, 2018
Idol Appearances in Kpop MVs
982
4.56
Music
Aug 6, 2017
Guess the The Boyz member in a word or phrase
944
5.00
Entertainment
Oct 21, 2018
Go to Creator's Profile
Score Distribution
Quiz Creator Spotlight
wonpills
Follow
Send a Message
Quizzes Created
-
Created Quiz Play Count
-
More By This Creator
Popular Quizzes Today
1
Colored Red Africa Blitz
2
Find the 'City' Movie
3
5x2 Blitz: Bands
4
Find the US States - No Outlines Minefield
5
The Countries of the World
6
Find the US States
7
US States
8
Find the Countries of Europe - No Outlines Minefield
More Music Quizzes
7 Letter Words in 2010s Songs
Published
Trending Quizzes
Colored Red Europe Blitz I
Colored Red Europe Blitz II
Colored Red Africa Blitz II
Colored Red Europe Blitz III
Colored Red Africa Blitz III
Recently Updated
How Do You Spell That?
pecheneg
Godzilla Movies
pecheneg
Grab Bag: 4-10 Letters
pecheneg
2024 March Madness Bracket
pecheneg
Famous TV Couples
Peacemaker
Champions League XIs: Real Madrid
pecheneg
Largest US Cities 1790-2010
pecheneg
Rides in Walt Disney World
pecheneg
Most Oscar Losses (Acting)
pecheneg
Beyoncé Albums
pecheneg
Trending Topics
Marvel
Crossword
NBA
Kpop
Disney
Harry Potter
Anime
Country
WWE
The Office
Soccer
Pokémon
Puzzle
Song
NFL
Your Account Isn't Verified!
In order to create a playlist on Sporcle, you need to verify the email address you used during registration. Go to your
Sporcle Settings
to finish the process.
Report this User
Report this user for behavior that violates our
Community Guidelines
.
Details:
Send Report
Go to the Sporcle.com Mobile Site →
Comments